000 00281nam a2200121Ia 4500
008 190216s9999||||xx |||||||||||||| ||und||
100 _aRodger W Griffin
245 0 _aModern Organic Chemistry
260 _bMcgraw -hill
_c1984
300 _a513p
650 _aChemistry
942 _cBK
999 _c2558
_d2558